[Event "Detroit (MOR/5/62)"]
[Site "?"]
[Date "1994.??.??"]
[Round "?"]
[White "Aldrich, Justin"]
[Black "Fields, W."]
[Result "1-0"]
[WhiteElo "1605"]
[BlackElo "1605"]
[PlyCount "157"]
[EventDate "1994.??.??"]

{5/(62)} 1. e4 c5 2. Nf3 d6 3. d4 cxd4 4. Nxd4 Nf6 5. Nc3 a6 6. Bd3 e6 7. O-O
Be7 8. Re1 Qc7 9. Bg5 Nbd7 10. Qf3 O-O 11. Qg3 Re8 12. Rad1 b6 13. f4 g6 14. f5
e5 15. Nf3 Bb7 16. Re3 Rac8 17. Nh4 Nh5 18. Qg4 Ndf6 19. Bxf6 Nxf6 20. Qg3 Bf8
21. fxg6 hxg6 22. Nxg6 fxg6 23. Qxg6+ Bg7 24. b3 b5 25. Be2 Qb6 26. Rdd3 Rc7
27. Kh1 Rf7 28. Rf3 Bc6 29. Rxd6 Ref8 30. Nd5 Nxd5 31. Rxf7 Rxf7 32. exd5 Qf2
33. Rd8+ Rf8 34. Rxf8+ Kxf8 35. h3 Be8 36. Qd6+ Kg8 37. Bf3 Bf7 38. Qd8+ Kh7
39. d6 Qe1+ 40. Kh2 e4 41. Qe7 Bg6 42. d7 Qa1 43. Qh4+ Bh6 44. d8=Q Qe5+ 45. g3
exf3 46. Qd7+ Qg7 47. Qxg7+ Kxg7 48. Qe7+ Bf7 49. Qd6 Bg5 50. Qxa6 Bd5 51. Qa7+
Kg6 52. h4 Bf6 53. Qb6 b4 54. Qxb4 f2 55. Qf4 Bd4 56. c4 Bc6 57. g4 Be5 58.
Qxe5 f1=Q 59. h5+ Kf7 60. Qc7+ Kf8 61. Qxc6 Qf4+ 62. Kg1 Qe3+ 63. Kg2 Qe2+ 64.
Kg3 Qe1+ 65. Kf4 Qd2+ 66. Ke5 Qg5+ 67. Kd6 Qe7+ 68. Kd5 Qg5+ 69. Ke6 Qe7+ 70.
Kf5 Qh7+ 71. Qg6 Qd7+ 72. Ke5 Qe7+ 73. Qe6 Qc5+ 74. Qd5 Qe7+ 75. Kd4 Qg7+ 76.
Kc5 Qa7+ 77. Kb4 Qb8+ 78. Qb5 Qg3 79. Ka3 1-0

[Event "Detroit (MOR/1b/14)"]
[Site "?"]
[Date "1994.??.??"]
[Round "?"]
[White "Aldrich, Justin"]
[Black "Choyke, J."]
[Result "0-1"]
[WhiteElo "1605"]
[BlackElo "1620"]
[PlyCount "114"]
[EventDate "1994.??.??"]

1. e4 Nf6 2. d3 c5 3. Nc3 d6 4. Be2 e6 5. Nf3 Nc6 6. Bf4 a6 7. O-O g6 8. e5
dxe5 9. Nxe5 Qd4 10. Nxc6 Qxf4 11. Bf3 Qc7 12. Nd5 Nxd5 13. Bxd5 exd5 14. Re1+
Be6 15. Ne5 Bg7 16. d4 Bxe5 17. Rxe5 cxd4 18. Qxd4 O-O 19. Rae1 Qc4 20. Qe3
Rfe8 21. Qh6 Bd7 22. h3 Rxe5 23. Rxe5 Re8 24. Rh5 gxh5 25. Qg5+ Kf8 26. Qh6+
Ke7 27. Qg5+ Kd6 28. b3 Qe4 29. Qf6+ Qe6 30. Qf4+ Kc6 31. Qa4+ Kc7 32. Qa5+ Kc8
33. Qc3+ Bc6 34. a4 Qe1+ 35. Qxe1 Rxe1+ 36. Kh2 Re2 37. f3 Rxc2 38. b4 Bxa4 39.
Kg1 Rc4 40. Kf2 h4 41. g4 hxg3+ 42. Kxg3 h5 43. h4 Rxb4 44. f4 Re4 45. Kf3 Bd1+
46. Kg3 f5 47. Kf2 Rxf4+ 48. Ke3 Rxh4 49. Kd2 Bb3 50. Kc3 Ba4 51. Kd3 Re4 52.
Kd2 h4 53. Kc3 h3 54. Kd3 h2 55. Kc3 h1=Q 56. Kd2 Qd1+ 57. Kc3 Qc2# 0-1

[Event "Eastpointe (US Am N/6/28)"]
[Site "?"]
[Date "1994.??.??"]
[Round "?"]
[White "Aldrich, Justin"]
[Black "Boyle, John"]
[Result "1-0"]
[WhiteElo "1605"]
[BlackElo "1605"]
[PlyCount "101"]
[EventDate "1994.??.??"]

{6/(28)} 1. e4 c5 2. Nc3 d6 3. Bc4 Nf6 4. d3 g6 5. Nf3 Bg7 6. O-O O-O 7. h3 Nc6
8. Re1 a6 9. a4 Bd7 10. e5 dxe5 11. Nxe5 Nxe5 12. Rxe5 e6 13. Rxc5 Qb6 14. Re5
Ng4 15. Be3 Nxe3 16. Rxe3 Qxb2 17. d4 Bxd4 18. Rd3 Bxc3 19. Rb1 Qa3 20. Rb3
Qxa4 21. Rdxc3 Rfd8 22. Ra3 Bc6 23. Qb1 Qxa3 24. Rxa3 Rd4 25. Bb3 Rad8 26. c4
Rd3 27. Qb2 b5 28. Rxa6 bxc4 29. Bxc4 R3d6 30. Qb3 Rd1+ 31. Kh2 Be4 32. f3 Rb1
33. Qc3 Bb7 34. Ra7 h5 35. Qf6 Rd6 36. Qe7 Rdb6 37. Qd8+ Kg7 38. Ra1 R1b2 39.
Ba6 Bxa6 40. Rxa6 Rb8 41. Qc7 R8b7 42. Qe5+ Kh7 43. Ra7 R7b5 44. Qc7 Rf5 45.
Ra8 Rxf3 46. Qe5 f6 47. Ra7+ Kh6 48. Qxb2 Rf5 49. h4 Rf4 50. Kg3 Rf5 51. Qb7
1-0

[Event "Eastpointe (MI Action/4/23)"]
[Site "?"]
[Date "1994.??.??"]
[Round "?"]
[White "Aldrich, Justin"]
[Black "Banks, David"]
[Result "0-1"]
[WhiteElo "1605"]
[BlackElo "1605"]
[PlyCount "82"]
[EventDate "1994.??.??"]

{4/(23)} 1. e4 e5 2. Nf3 d6 3. Bc4 Be7 4. Nc3 Nf6 5. d3 h6 6. O-O O-O 7. h3 c6
8. Be3 d5 9. exd5 cxd5 10. Bb5 d4 11. Bxh6 dxc3 12. bxc3 gxh6 13. Nxe5 Qd5 14.
Re1 Qxb5 15. Ng4 Nxg4 16. Rxe7 Qg5 17. Re1 Nc6 18. Qf3 Nce5 19. Qg3 Qh5 20.
Rxe5 Qg6 21. hxg4 f6 22. Re7 Re8 23. Rxe8+ Qxe8 24. Qh4 Kg7 25. f3 Qe7 26. Re1
Qc5+ 27. Kh1 b6 28. Re6 Bxe6 29. c4 b5 30. cxb5 Qxc2 31. Qe1 Qxa2 32. f4 Bxg4
33. Qe7+ Qf7 34. Qe4 Re8 35. Qd4 Re1+ 36. Kh2 Be6 37. f5 Qh5+ 38. Kg3 Bxf5 39.
Qxa7+ Kg6 40. Qc7 Qg4+ 41. Kf2 Re2+ $138 0-1

[Event "Eastpointe (US Am N/1b/11)"]
[Site "?"]
[Date "1994.??.??"]
[Round "?"]
[White "Aldrich, Jeff"]
[Black "Walker, Anthony"]
[Result "1-0"]
[WhiteElo "1900"]
[BlackElo "1605"]
[PlyCount "63"]
[EventDate "1994.??.??"]

1. d4 e6 2. c4 d5 3. Nc3 Nf6 4. Bg5 Be7 5. Nf3 b6 6. e3 Bb7 7. Rc1 h6 8. Bh4 c5
9. Be2 Nc6 10. O-O O-O 11. dxc5 bxc5 12. Bxf6 Bxf6 13. cxd5 exd5 14. Nxd5 Be7
15. Nxe7+ Qxe7 16. a3 Rfd8 17. Qc2 Ne5 18. Qxc5 Nxf3+ 19. Bxf3 Qxc5 20. Rxc5
Bxf3 21. gxf3 Rab8 22. b4 Kf8 23. Rfc1 Ke8 24. Ra5 Rb7 25. Rcc5 g6 26. Kg2 h5
27. Kg3 f6 28. Rc6 Kf7 29. Raa6 Rd1 30. Rxf6+ Ke7 31. Rxg6 Rg1+ 32. Kh4 1-0

[Event "Detroit (MI Op/5/20)"]
[Site "?"]
[Date "1994.??.??"]
[Round "?"]
[White "Aldrich, Jeff"]
[Black "Townsend, E."]
[Result "0-1"]
[WhiteElo "1950"]
[BlackElo "2045"]
[PlyCount "124"]
[EventDate "1994.??.??"]

{5/(20)} 1. d4 Nf6 2. c4 g6 3. Nc3 Bg7 4. e4 d6 5. Be2 O-O 6. f4 c5 7. d5 e6 8.
Nf3 exd5 9. cxd5 Re8 10. Qc2 a6 11. a4 Bg4 12. O-O Nbd7 13. Bd2 c4 14. Bxc4 Nc5
15. Rae1 Rc8 16. b3 Nfxe4 17. Nxe4 Bf5 18. Nfg5 b5 19. axb5 axb5 20. Nxf7 Qb6
21. Ba5 Qxa5 22. Nfxd6 Nxe4 23. Nxe8 Rxe8 24. Bd3 Bd4+ 25. Kh1 Nf2+ 26. Qxf2
Bxf2 27. Rxe8+ Kf7 28. Re2 Bxd3 29. Rexf2 Bxf1 30. Rxf1 Qd2 31. h3 Qxd5 32. Rf3
Kf6 33. Kh2 b4 34. Kg3 Qe4 35. Kf2 Qc2+ 36. Kg3 Qe2 37. Kh2 Kf5 38. Kg3 h5 39.
Kh2 h4 40. Kg1 Ke4 41. Rf1 Qe3+ 42. Kh2 Qxb3 43. Rf2 Qg3+ 44. Kg1 Qxf2+ 45.
Kxf2 b3 46. g4 hxg3+ 47. Kxg3 b2 48. Kg4 b1=Q 49. Kg5 Qg1+ 50. Kh6 Kxf4 51. h4
Qg4 52. Kh7 Kf5 53. Kg7 Qxh4 54. Kg8 Qe7 55. Kh8 g5 56. Kg8 g4 57. Kh8 g3 58.
Kg8 g2 59. Kh8 g1=B 60. Kg8 Qe8+ 61. Kh7 Qg6+ 62. Kh8 Bd4# 0-1

[Event "Flint (MI Coll/4)"]
[Site "?"]
[Date "1994.??.??"]
[Round "?"]
[White "Aldrich, Jeff"]
[Black "Smith, Mike A"]
[Result "1/2-1/2"]
[WhiteElo "1900"]
[BlackElo "1875"]
[PlyCount "130"]
[EventDate "1994.??.??"]

1. d4 Nf6 2. c4 c5 3. d5 b5 4. cxb5 a6 5. bxa6 Bxa6 6. Nc3 g6 7. g3 d6 8. Bg2
Bg7 9. Nf3 O-O 10. O-O Nbd7 11. a4 Qb6 12. Rb1 Rfb8 13. b4 cxb4 14. Nb5 Bxb5
15. axb5 Qxb5 16. Nd4 Qc4 17. Nc6 Rb7 18. Bb2 Nc5 19. Ra1 Rxa1 20. Qxa1 Qa6 21.
Rb1 h5 22. Qa5 Qxa5 23. Nxa5 Rb5 24. Nc6 Kf8 25. Bd4 b3 26. Kf1 Ne8 27. Ke1 Na4
28. Bxg7+ Nxg7 29. Nd4 Nc3 30. Rxb3 Rxb3 31. Nxb3 e6 32. Kd2 Nxd5 33. Bxd5 exd5
34. Kd3 Ne6 35. Nd4 Ke7 36. Nc6+ Kd7 37. Nb4 Nc7 38. Ke3 g5 39. h4 f6 40. Kf3
Ke6 41. Nc6 Nb5 42. e3 d4 43. exd4 Kd5 44. Ne7+ Kxd4 45. Nf5+ Ke5 46. Ng7 Nd4+
47. Kg2 gxh4 48. gxh4 Nf5 49. Nxh5 Nxh4+ 50. Kf1 Nf5 51. Ke2 Nd4+ 52. Kd3 f5
53. f4+ Kd5 54. Nf6+ Ke6 55. Ne8 Nc6 56. Nc7+ Kd7 57. Nd5 Ke6 58. Nc7+ Kd7 59.
Nd5 Ne7 60. Nc3 Kc6 61. Ne2 Nd5 62. Nd4+ Kc5 63. Nxf5 Nxf4+ 64. Ke4 Ne2 65.
Nxd6 Kxd6 1/2-1/2

[Event "Detroit (Class A/5/9)"]
[Site "?"]
[Date "1994.??.??"]
[Round "?"]
[White "Aldrich, Jeff"]
[Black "Smith, Daryn"]
[Result "1-0"]
[WhiteElo "1950"]
[BlackElo "1835"]
[PlyCount "37"]
[EventDate "1994.??.??"]

{5/(9)} 1. e4 e5 2. Nf3 Nc6 3. Bc4 Bc5 4. O-O Nf6 5. Nc3 O-O 6. d3 d6 7. Bg5
Bg4 8. h3 Be6 9. Bb3 a6 10. Nh2 Nd4 11. Nd5 Nxb3 12. Bxf6 gxf6 13. axb3 c6 14.
Ne3 d5 15. Qf3 Kh8 16. Nhg4 Be7 17. Nf5 Qd7 18. Nxe7 Bxg4 19. Qxf6# 1-0

[Event "Ann Arbor (HVA/4/5)"]
[Site "?"]
[Date "1994.??.??"]
[Round "?"]
[White "Aldrich, Jeff"]
[Black "Smalec, Joseph"]
[Result "1-0"]
[WhiteElo "1900"]
[BlackElo "1605"]
[PlyCount "35"]
[EventDate "1994.??.??"]

{4/(5)} 1. d4 d5 2. c4 Nc6 3. Nf3 dxc4 4. Nc3 Nf6 5. e3 Bg4 6. Bxc4 Bxf3 7.
Qxf3 e5 8. Bb5 exd4 9. exd4 Qxd4 10. Bxc6+ bxc6 11. Qxc6+ Qd7 12. Qxa8+ Ke7 13.
O-O Ng4 14. Re1+ Kf6 15. Qf3+ Kg6 16. h3 Nf6 17. Qg3+ Kf5 18. Qg5# 1-0

[Event "Flint (MI Coll/3)"]
[Site "?"]
[Date "1994.??.??"]
[Round "?"]
[White "Aldrich, Jeff"]
[Black "Skidmore, Jennifer"]
[Result "0-1"]
[WhiteElo "1900"]
[BlackElo "1910"]
[PlyCount "56"]
[EventDate "1994.??.??"]

1. d4 d5 2. c4 e6 3. Nc3 c6 4. Nf3 dxc4 5. e3 b5 6. a4 Bb4 7. Ne5 Nf6 8. axb5
cxb5 9. Qf3 Qd5 10. Qg3 O-O 11. Bd2 Bxc3 12. Bxc3 Ne4 13. Qh4 f6 14. Nf3 Nc6
15. Nd2 Nxd2 16. Bxd2 e5 17. dxe5 Nxe5 18. Rd1 Bg4 19. Be2 Qxg2 20. Bxg4 Qxh1+
21. Ke2 Qg2 22. Be6+ Kh8 23. Ba5 Qf3+ 24. Ke1 Nd3+ 25. Kd2 Nxb2 26. Rb1 Rad8+
27. Bxd8 Rxd8+ 28. Kc2 Qe2+ 0-1

[Event "Eastpointe (MI Action/5/4)"]
[Site "?"]
[Date "1994.??.??"]
[Round "?"]
[White "Aldrich, Jeff"]
[Black "Rajlich, Vasik"]
[Result "0-1"]
[WhiteElo "1915"]
[BlackElo "2125"]
[PlyCount "63"]
[EventDate "1994.??.??"]

{5/(4)} 1. d4 d5 2. c4 e6 3. Nc3 c6 4. Nf3 dxc4 5. a4 Bb4 6. e4 b5 7. Bd2 Nf6
8. e5 Bxc3 9. bxc3 Ne4 10. Qb1 Qd5 11. Qb4 a5 12. Qa3 b4 13. cxb4 O-O 14. Rc1
Ba6 15. Qa2 Nxd2 16. Qxd2 Rc8 17. bxa5 c5 18. Be2 Nc6 19. dxc5 Qxd2+ 20. Kxd2
Nxa5 21. Kc3 Nb3 22. Rb1 Nxc5 23. a5 Ne4+ 24. Kd4 Nxf2 25. Rhf1 Rd8+ 26. Ke3
Ng4+ 27. Kf4 f5 28. h3 Nh6 29. Rfc1 Nf7 30. Bxc4 Bxc4 31. Rxc4 Rxa5 32. Rb6 0-1

[Event "Flint (MI Coll/5)"]
[Site "?"]
[Date "1994.??.??"]
[Round "?"]
[White "Aldrich, Jeff"]
[Black "Pope, Nick"]
[Result "1-0"]
[WhiteElo "1900"]
[BlackElo "1865"]
[PlyCount "83"]
[EventDate "1994.??.??"]

1. d4 d5 2. Nf3 e6 3. c4 Nf6 4. Nc3 Nbd7 5. Bg5 Be7 6. e3 c6 7. Bd3 dxc4 8.
Bxc4 Nd5 9. Bxe7 Qxe7 10. O-O O-O 11. Re1 N7b6 12. Bd3 Nf6 13. Qc2 c5 14. dxc5
Qxc5 15. Rac1 Qh5 16. Ne2 Bd7 17. Ng3 Qh6 18. Qe2 Rad8 19. Ne5 Bc8 20. Bb1 Nbd7
21. Nc4 Nb8 22. Red1 b6 23. f4 Qh4 24. Qf3 Ng4 25. h3 Nh6 26. Nd6 Qe7 27. Nge4
f5 28. Nxc8 Rxc8 29. Ng5 Nf7 30. Nxf7 Qxf7 31. Bc2 Na6 32. e4 Kh8 33. exf5 exf5
34. Bb3 Qf6 35. Rxc8 Rxc8 36. Qb7 Rd8 37. Rxd8+ Qxd8 38. Qxa6 h6 39. Qc4 Kh7
40. Qd5 Qc8 41. Qe5 Qc1+ 42. Kh2 1-0

[Event "Detroit (Class A/3/10)"]
[Site "?"]
[Date "1994.??.??"]
[Round "?"]
[White "Aldrich, Jeff"]
[Black "Neshewat, Michael"]
[Result "1-0"]
[WhiteElo "1950"]
[BlackElo "1825"]
[PlyCount "101"]
[EventDate "1994.??.??"]

{3/(10)} 1. d4 d5 2. c4 e6 3. Nc3 Bb4 4. Nf3 dxc4 5. e3 Bxc3+ 6. bxc3 b5 7. a4
c6 8. Ne5 Bb7 9. Ba3 a6 10. Rb1 Qc7 11. Qg4 g6 12. Bxc4 bxc4 13. Nxc4 c5 14.
Bxc5 Bc6 15. Nd6+ Kd7 16. Nxf7 h5 17. Qxg6 Ne7 18. Qf6 Re8 19. Ne5+ Kc8 20. Qf7
Nd5 21. O-O Qxf7 22. Nxf7 Rg8 23. Ne5 Nxc3 24. Nxc6 Nxc6 25. Rb3 Nxa4 26. Bd6
Rd8 27. Bg3 Rd5 28. Rc1 Nc5 29. Rbc3 a5 30. Rxc5 Rxc5 31. Rxc5 Kd7 32. d5 exd5
33. Rxd5+ Kc8 34. Rxh5 a4 35. Rc5 Ra6 36. Be5 a3 37. Kf1 a2 38. Rc1 Kb7 39. Bg7
Na5 40. Ba1 Nb3 41. Rd1 Rc6 42. h4 Rc1 43. Rxc1 Nxc1 44. h5 Nb3 45. Bg7 Nc5 46.
h6 Ne6 47. Bb2 Nf8 48. g4 Kc7 49. g5 Kd7 50. g6 Nxg6 51. h7 1-0

[Event "Ann Arbor (HVA/2/2)"]
[Site "?"]
[Date "1994.??.??"]
[Round "?"]
[White "Aldrich, Jeff"]
[Black "McCarter, Robert"]
[Result "1/2-1/2"]
[WhiteElo "1950"]
[BlackElo "1725"]
[PlyCount "60"]
[EventDate "1994.??.??"]

{2/(2)} 1. d4 Nf6 2. c4 e6 3. Nc3 Bb4 4. Qc2 c5 5. e3 O-O 6. Nf3 d5 7. a3 Bxc3+
8. bxc3 Nc6 9. Bb2 Qa5 10. Bd3 cxd4 11. exd4 Re8 12. O-O dxc4 13. Bxc4 h6 14.
Bb3 Bd7 15. c4 Qa6 16. Rfe1 Na5 17. Ba2 Rac8 18. Ne5 Red8 19. Qe2 Ba4 20. Qf3
Qb6 21. Rab1 Bc2 22. c5 Qb5 23. Nxf7 Nd5 24. Rxe6 Bxb1 25. Bxb1 Qxb2 26. Nxh6+
Kh8 27. Nf7+ Kg8 28. Bh7+ Kxh7 29. Qh5+ Kg8 30. Nh6+ Kh8 1/2-1/2

[Event "Eastpointe (MI Action/2/12)"]
[Site "?"]
[Date "1994.??.??"]
[Round "?"]
[White "Aldrich, Jeff"]
[Black "Kane, Paul"]
[Result "1-0"]
[WhiteElo "1915"]
[BlackElo "1605"]
[PlyCount "59"]
[EventDate "1994.??.??"]

{2/(12)} 1. d4 Nf6 2. c4 d5 3. Nc3 c6 4. Nf3 e6 5. Bg5 Be7 6. e3 O-O 7. Qc2
dxc4 8. Bxc4 b5 9. Bd3 g6 10. h4 Bb7 11. Ne5 Nh5 12. Bh6 Ng7 13. h5 f5 14. hxg6
hxg6 15. Nxg6 Rf6 16. Nf4 Qd7 17. Bxg7 Kxg7 18. Nh5+ Kg6 19. Nxf6 Bxf6 20. Qe2
Kf7 21. Rh7+ Bg7 22. Qh5+ Kf8 23. Ne2 Qe7 24. Nf4 Qb4+ 25. Kf1 Nd7 26. Nxe6+
Ke7 27. Rxg7+ Kd6 28. Qxf5 c5 29. Qf4+ Kc6 30. Qc7+ 1-0

[Event "Detroit (MI Op/7/29)"]
[Site "?"]
[Date "1994.??.??"]
[Round "?"]
[White "Aldrich, Jeff"]
[Black "Haakonstad, Olaf"]
[Result "1/2-1/2"]
[WhiteElo "1950"]
[BlackElo "1820"]
[PlyCount "69"]
[EventDate "1994.??.??"]

{7/(29)} 1. d4 Nf6 2. c4 e6 3. Nc3 Bb4 4. e3 c5 5. Nf3 O-O 6. Bd3 Bxc3+ 7. bxc3
d6 8. O-O Nc6 9. Re1 Re8 10. e4 e5 11. Bg5 h6 12. Bh4 Bg4 13. d5 Nb8 14. h3 Bc8
15. Qd2 Nbd7 16. Nh2 Nf8 17. Nf1 Ng6 18. Bg3 Nh5 19. Ne3 Ngf4 20. Nf5 Qg5 21.
Qe3 Rd8 22. Qf3 Nxg3 23. fxg3 Nxd3 24. Qxd3 Bxf5 25. exf5 Re8 26. Kh2 Qe7 27.
Qe4 f6 28. a4 a5 29. Reb1 Qd7 30. Rb5 Re7 31. Rab1 Qc8 32. g4 Ra6 33. h4 Kf7
34. h5 Qa8 35. Kh3 1/2-1/2

[Event "Eastpointe (MI Action/4/9)"]
[Site "?"]
[Date "1994.??.??"]
[Round "?"]
[White "Aldrich, Jeff"]
[Black "Gramlich, Allen"]
[Result "1-0"]
[WhiteElo "1915"]
[BlackElo "1605"]
[PlyCount "75"]
[EventDate "1994.??.??"]

{4/(9)} 1. d4 Nf6 2. c4 g6 3. Nc3 Bg7 4. e4 d6 5. Be2 O-O 6. f4 b6 7. Nf3 Bb7
8. Qc2 c5 9. d5 Re8 10. O-O e6 11. e5 dxe5 12. fxe5 Ng4 13. Bg5 Qc7 14. Nb5 Qd7
15. Nd6 Nxe5 16. Nxe8 Qxe8 17. Nxe5 Bxe5 18. Bf3 Na6 19. a3 exd5 20. Bxd5 Bd4+
21. Kh1 Bxd5 22. cxd5 Qe5 23. Bf6 Qxd5 24. Bxd4 cxd4 25. Rad1 Nc5 26. b4 Ne6
27. Qf2 f5 28. Rfe1 Rd8 29. Qh4 Rd7 30. Qf6 Qd6 31. Rxe6 Qf8 32. Qe5 Rd8 33.
Rxd4 Rxd4 34. Qxd4 Qc8 35. Rd6 Qc1+ 36. Qd1 Qxa3 37. Rd7 Qa6 38. Qd5+ 1-0

[Event "Detroit (MI Op/3/16)"]
[Site "?"]
[Date "1994.??.??"]
[Round "?"]
[White "Aldrich, Jeff"]
[Black "Gabbara, Faris"]
[Result "0-1"]
[WhiteElo "1950"]
[BlackElo "2170"]
[PlyCount "136"]
[EventDate "1994.??.??"]

{3/(16)} 1. d4 d5 2. c4 e6 3. Nc3 c5 4. Nf3 Nc6 5. e3 Nf6 6. Be2 dxc4 7. Bxc4
a6 8. a4 cxd4 9. exd4 Be7 10. O-O O-O 11. Bf4 Qb6 12. Qb3 Bb4 13. Ne2 Na5 14.
Qc2 Nxc4 15. Qxc4 Nd5 16. Rfd1 f6 17. Rac1 Bd7 18. b3 Ba3 19. Ra1 Rac8 20. Qd3
Bb2 21. Rab1 Nxf4 22. Nxf4 Rc3 23. a5 Rxd3 24. axb6 Rxd1+ 25. Rxd1 g5 26. Nd3
Bc3 27. Nc5 Bc8 28. Rc1 Bb4 29. Ne1 Ba5 30. Na4 Bd7 31. Rc7 Bxa4 32. bxa4 Bxe1
33. Rxb7 Ba5 34. Kf1 Rd8 35. Re7 Bxb6 36. Rxe6 Bxd4 37. Rxa6 Rd7 38. a5 Ra7 39.
Rd6 Be5 40. Rd5 Bc3 41. Rc5 Bxa5 42. h4 gxh4 43. Rh5 Bb6 44. Rxh4 Ra1+ 45. Ke2
Ra2+ 46. Kd3 Rxf2 47. Rg4+ Kf7 48. Rb4 Bd8 49. Rg4 h5 50. Rd4 Be7 51. g4 h4 52.
Rd5 Rf4 53. Rh5 Rxg4 54. Ke3 Kg6 55. Rh8 f5 56. Kf3 Rg3+ 57. Kf2 Bc5+ 58. Kf1
Kg5 59. Rc8 h3 60. Rg8+ Kf4 61. Rh8 Kf3 62. Ke1 Kg2 63. Rc8 Bf2+ 64. Ke2 f4 65.
Rc1 f3+ 66. Kd3 Bg1 67. Rc2+ f2+ 68. Ke4 h2 0-1

[Event "Detroit (MI Op/1b/11)"]
[Site "?"]
[Date "1994.??.??"]
[Round "?"]
[White "Aldrich, Jeff"]
[Black "Davis, Michael"]
[Result "1-0"]
[WhiteElo "1950"]
[BlackElo "1710"]
[PlyCount "69"]
[EventDate "1994.??.??"]

1. d4 Nf6 2. c4 g6 3. Nc3 Bg7 4. e4 d6 5. Be2 O-O 6. f4 Nbd7 7. Nf3 e5 8. O-O
exf4 9. Bxf4 Re8 10. e5 Nh5 11. Bg5 f6 12. exf6 Nhxf6 13. c5 dxc5 14. Qb3+ Kh8
15. Rad1 c4 16. Bxc4 Nb6 17. Ne5 Qe7 18. Rde1 Qf8 19. Ne4 Bf5 20. Nf7+ Kg8 21.
Nxf6+ Bxf6 22. Bxf6 Nxc4 23. Nh6+ Qxh6 24. Qxc4+ Kf8 25. Qxc7 b6 26. Qd6+ Kg8
27. Qd5+ Kf8 28. Re7 Rxe7 29. Bxe7+ Kxe7 30. Re1+ Kf6 31. Qxa8 Qd2 32. Qf8+ Kg5
33. Qe7+ Kh6 34. Qh4+ Kg7 35. Re7+ 1-0

[Event "Eastpointe (US Am N/4/4)"]
[Site "?"]
[Date "1994.??.??"]
[Round "?"]
[White "Aldrich, Jeff"]
[Black "Dangremond, Leonard"]
[Result "1-0"]
[WhiteElo "1900"]
[BlackElo "2070"]
[PlyCount "59"]
[EventDate "1994.??.??"]

{4/(4)} 1. d4 Nf6 2. c4 g6 3. Nc3 Bg7 4. e4 O-O 5. Be2 d6 6. f4 Nbd7 7. Nf3 c5
8. d5 Ne8 9. O-O f5 10. Ng5 Bd4+ 11. Kh1 Ndf6 12. exf5 Bxc3 13. bxc3 Bxf5 14.
g4 Bd7 15. f5 h6 16. Ne6 Bxe6 17. fxe6 g5 18. Qd3 Kg7 19. h4 Rh8 20. h5 Rh7 21.
Qg6+ Kh8 22. Bd3 Qa5 23. Bd2 Qa3 24. Rf2 b5 25. Raf1 bxc4 26. Bc2 Rg7 27. Qxh6+
Kg8 28. Bg6 Rxg6 29. Qxg6+ Kh8 30. h6 1-0

[Event "Eastpointe (US Am N/3/4)"]
[Site "?"]
[Date "1994.??.??"]
[Round "?"]
[White "Aldrich, Jeff"]
[Black "Bailey, Greg"]
[Result "1/2-1/2"]
[WhiteElo "1900"]
[BlackElo "2065"]
[PlyCount "38"]
[EventDate "1994.??.??"]

{3/(4)} 1. d4 Nf6 2. c4 g6 3. Nc3 Bg7 4. e4 d6 5. Be2 O-O 6. f4 Nbd7 7. Nf3 c5
8. d5 a6 9. O-O Rb8 10. a4 Ne8 11. Qc2 e6 12. a5 b6 13. axb6 Qxb6 14. Kh1 Qb3
15. Qd3 exd5 16. cxd5 Nc7 17. Nd2 Qb7 18. Nc4 Ne8 19. Na5 Qc7 1/2-1/2

[Event "Warren (Warmup"]
[Site "?"]
[Date "1994.??.??"]
[Round "?"]
[White "Adleman, J."]
[Black "Scales, H."]
[Result "1-0"]
[WhiteElo "1605"]
[BlackElo "1605"]
[PlyCount "71"]
[EventDate "1994.??.??"]

1. d4 d5 2. g3 Nf6 3. Bg2 Bf5 4. Nf3 h6 5. O-O e6 6. Nc3 Bd6 7. Nd2 c6 8. e4
dxe4 9. Ndxe4 O-O 10. Nxf6+ Qxf6 11. f4 Na6 12. a3 Rad8 13. b4 Nc7 14. Bb2 a6
15. Ne4 Bxe4 16. Bxe4 Nd5 17. Qd3 Rfe8 18. c4 Ne7 19. Rab1 Ng6 20. d5 Qe7 21.
Bxg6 fxg6 22. Qxg6 Rf8 23. dxe6 c5 24. f5 cxb4 25. f6 Bc5+ 26. Kh1 Rxf6 27.
Bxf6 Qc7 28. Qf7+ Qxf7 29. exf7+ Kxf7 30. Bxd8+ Ke8 31. Ba5 bxa3 32. Bc3 b6 33.
Rbe1+ Kd7 34. Rf7+ Kc6 35. Re6+ Bd6 36. Bb4 1-0

[Event "Warren (Warmup"]
[Site "?"]
[Date "1994.??.??"]
[Round "?"]
[White "Adleman, J."]
[Black "Ross, A."]
[Result "1-0"]
[WhiteElo "1605"]
[BlackElo "1605"]
[PlyCount "71"]
[EventDate "1994.??.??"]

1. d4 Nf6 2. g3 g6 3. Bg2 Bg7 4. Nf3 d6 5. O-O O-O 6. Nc3 Nc6 7. e4 e5 8. d5
Ne7 9. Be3 Nd7 10. Qd2 f5 11. Bh6 f4 12. Bxg7 Kxg7 13. Ng5 Nf6 14. a4 h6 15.
Ne6+ Bxe6 16. dxe6 g5 17. Qd1 Qc8 18. Bh3 h5 19. Bf5 g4 20. Nd5 Nfxd5 21. exd5
Nxf5 22. gxf4 exf4 23. Qd3 Nh4 24. h3 Nf3+ 25. Kg2 Nh4+ 26. Kh1 Rf5 27. Rg1 Rg5
28. Qd4+ Re5 29. hxg4 Nf3 30. gxh5+ Nxg1 31. Rxg1+ Kf6 32. Qxf4+ Rf5 33. Rg6+
Ke7 34. Qxf5 Qf8 35. Qg5+ Ke8 36. Rg8 1-0

[Event "Warren (Warmup"]
[Site "?"]
[Date "1994.??.??"]
[Round "?"]
[White "Adleman, J."]
[Black "Hudy, M."]
[Result "1-0"]
[WhiteElo "1605"]
[BlackElo "1605"]
[PlyCount "124"]
[EventDate "1994.??.??"]

1. e4 c5 2. Bc4 d6 3. Nf3 Nf6 4. Ng5 e6 5. Qf3 Nc6 6. c3 Be7 7. O-O Ne5 8. Bb5+
Nfd7 9. Qh3 Bxg5 10. f4 Bxf4 11. Rxf4 c4 12. Na3 Nd3 13. Rf1 Qb6+ 14. Qe3 O-O
15. Bxd7 Qxe3+ 16. dxe3 Bxd7 17. Nxc4 d5 18. exd5 exd5 19. Nd6 b6 20. b4 Nxc1
21. Raxc1 f5 22. c4 dxc4 23. Rxc4 Rf6 24. Rd4 Be6 25. Rdf4 Bxa2 26. Nxf5 Re8
27. Rg4 Rxf5 28. Rxf5 Be6 29. Re5 a5 30. Rge4 Kf7 31. bxa5 bxa5 32. Rxa5 Bd7
33. Rf4+ Kg6 34. e4 h6 35. e5 Kh7 36. Ra6 Rxe5 37. Rf7 Bb5 38. Raa7 Re1+ 39.
Kf2 Rf1+ 40. Kg3 Rxf7 41. Rxf7 Kg6 42. Rf8 Kh7 43. Kf4 g5+ 44. Kf5 Bd3+ 45. Kf6
g4 46. Rf7+ Kh8 47. g3 Bc4 48. Rg7 Be2 49. Kg6 h5 50. Rh7+ Kg8 51. Rxh5 Bf1 52.
Kg5 Bh3 53. Rh4 Kg7 54. Rxg4 Bxg4 55. Kxg4 Kg6 56. h4 Kh6 57. h5 Kg7 58. Kg5
Kh7 59. h6 Kg8 60. Kg6 Kh8 61. g4 Kg8 62. g5 Kh8 1-0

[Event "Detroit (MOR/5/27)"]
[Site "?"]
[Date "1994.??.??"]
[Round "?"]
[White "Adams, B."]
[Black "Moceri, Paul"]
[Result "0-1"]
[WhiteElo "1605"]
[BlackElo "1605"]
[PlyCount "87"]
[EventDate "1994.??.??"]

{5/(27)} 1. e4 e5 2. Nf3 Nc6 3. Bb5 Nd4 4. Nxd4 exd4 5. c3 c6 6. Ba4 Bc5 7. Bb3
d3 8. Bxf7+ Kf8 9. Qf3 Qf6 10. Qxf6 Nxf6 11. Bc4 Nxe4 12. O-O Nxf2 13. Bxd3 Ke8
14. Rxf2 Rf8 15. Bg6+ hxg6 16. d4 Rxf2 17. Kxf2 Bb6 18. Bf4 d5 19. Nd2 Bf5 20.
Nf3 Bd8 21. Ng5 Bxg5 22. Re1+ Be7 23. Bg5 Be4 24. Be3 Kd7 25. Kg3 Rf8 26. Rd1
Bd6+ 27. Kg4 Bxg2 28. Rg1 Be4 29. b3 Bxh2 30. Rc1 Rf3 31. Bg5 Rg3+ 32. Kh4 Rg1
33. Kh3 Rxc1 34. Bxc1 Bd6 35. b4 Bf3 36. Kh4 Ke6 37. Kg5 Be4 38. a4 Be7+ 39.
Kg4 Bc2 40. a5 Bd1+ 41. Kf4 Kf6 42. Kg3 Kf5 43. Kf2 Bh4+ 44. Ke3 0-1

[Event "Detroit (MOR/6/37)"]
[Site "?"]
[Date "1994.??.??"]
[Round "?"]
[White "Adams, B."]
[Black "Herzog, M."]
[Result "0-1"]
[WhiteElo "1605"]
[BlackElo "1605"]
[PlyCount "136"]
[EventDate "1994.??.??"]

{6/(37)} 1. e4 e6 2. Nf3 c5 3. d4 cxd4 4. Nxd4 Nf6 5. Nc3 Bb4 6. Bd3 Bxc3+ 7.
bxc3 h6 8. e5 Nd5 9. Nb5 O-O 10. Ba3 Ne7 11. Nd6 Qa5 12. Bb4 Qxe5+ 13. Qe2
Qxe2+ 14. Bxe2 Nbc6 15. Ba3 Rd8 16. O-O a6 17. Bc5 Nd5 18. c4 Nc3 19. Bf3 Na4
20. Ba3 Rb8 21. c5 Nd4 22. Bd1 b6 23. Rb1 Nb5 24. Bb4 Nxd6 25. cxd6 a5 26. Bxa5
Ba6 27. c4 Bxc4 28. Re1 bxa5 29. Rxb8 Rxb8 30. Bxa4 Bxa2 31. h3 Rb1 32. Rxb1
Bxb1 33. Bxd7 Kf8 34. Kf1 Bc2 35. Ke2 a4 36. Bb5 a3 37. Bc4 Bb1 38. Ke3 a2 39.
Bxa2 Bxa2 40. Kd4 Ke8 41. g4 f6 42. f4 Kd7 43. Ke3 Kxd6 44. Kd4 Bd5 45. h4 Bf3
46. g5 Bg4 47. Ke4 Bf5+ 48. Ke3 Kd5 49. gxf6 gxf6 50. Kf3 h5 51. Ke3 Be4 52.
Kf2 Kd4 53. Kg3 Ke3 54. Kh3 Kxf4 55. Kh2 Kg4 56. Kg1 Kxh4 57. Kh2 f5 58. Kg1
Kg3 59. Kf1 f4 60. Kg1 f3 61. Kf1 Bd3+ 62. Ke1 f2+ 63. Kd2 f1=Q 64. Ke3 Qf3+
65. Kd2 Be4 66. Ke1 Qf2+ 67. Kd1 Kf3 68. Kc1 Qc2# 0-1